Central Library OPAC University of Rajshahi

Pakistan: (Record no. 46391)

MARC details
000 -LEADER
fixed length control field 00968nam a2200265 a 4500
001 - CONTROL NUMBER
control field 46391
003 - CONTROL NUMBER IDENTIFIER
rucl marc code BD-RjUL
005 - DATE AND TIME OF LATEST TRANSACTION
control field 20211209054139.0
008 - FIXED-LENGTH DATA ELEMENTS--GENERAL INFORMATION
fixed length control field 160802s1957 enk b 001 0 eng
035 ## - SYSTEM CONTROL NUMBER
System control number (BD-RjUL) 46509
040 ## - CATALOGING SOURCE
Original cataloging agency DLC
Transcribing agency KSU
Modifying agency BD-RjUL
Language of cataloging eng
041 ## - LANGUAGE CODE
Language code of text/sound track or separate title eng
082 ## - DEWEY DECIMAL CLASSIFICATION NUMBER
Edition number 23
Classification number 342.5491
Author mark and year GLP 1957
100 1# - MAIN ENTRY--PERSONAL NAME
Personal name Gledhill, Alan.
9 (RLIN) 128388
245 10 - TITLE STATEMENT
Title Pakistan:
Remainder of title the development of its law and constitution. /
Statement of responsibility, etc. by Alan Gledhill
260 ## - PUBLICATION, DISTRIBUTION, ETC. (IMPRINT)
Place of publication, distribution, etc. London :
Name of publisher, distributor, etc. Stevens & Sons,
Date of publication, distribution, etc. 1957.
300 ## - PHYSICAL DESCRIPTION
Pagination x, 263 p. :
Illustrations Ill. ;
Size 26 cm.
490 1# - SERIES STATEMENT
Series statement British Commonwealth: the development of its laws and constitutions ;
Volume/sequential designation v. 8 : Pakistan
504 ## - BIBLIOGRAPHY, ETC. NOTE
Bibliography, etc Bibliography: p. 372.
650 #0 - SUBJECT ADDED ENTRY--TOPICAL TERM
Topical term or geographic name as entry element Law
Geographic subdivision Pakistan
General subdivision History.
9 (RLIN) 141646
Topical term or geographic name as entry element Constitutional law
Geographic subdivision Pakistan.
9 (RLIN) 141385
Topical term or geographic name as entry element Constitutional history
Geographic subdivision Pakistan.
9 (RLIN) 141546
830 #0 - SERIES ADDED ENTRY--UNIFORM TITLE
Uniform title British Commonwealth, the development of its laws and constitutions ;
Volume number/sequential designation v. 8 : Pakistan
942 ## - ADDED ENTRY ELEMENTS (KOHA)
Source of classification or shelving scheme Dewey Decimal Classification
Koha item type Books
Holdings
Lost status Source of classification or shelving scheme Damaged status Not for loan Collection code Permanent Location Current Location Shelving location Date acquired Source of acquisition Cost, normal purchase price Total Checkouts Full call number Date last seen Copy number Koha item type
  Dewey Decimal Classification     Non-fiction Central Library, University of Rajshahi Central Library, University of Rajshahi   09/11/1963 Zeitlinger 50.00   342.5491 GLP 1957 02/08/2016 C-2 Books
  Dewey Decimal Classification     Non-fiction Central Library, University of Rajshahi Central Library, University of Rajshahi   12/03/1963 zithinger 50.00   342.5491 GLP 1957 02/08/2016 C-3 Books
  Dewey Decimal Classification     Non-fiction Central Library, University of Rajshahi Central Library, University of Rajshahi   12/03/1963 zithinger 50.00   342.5491 GLP 1957 02/08/2016 C-4 Books
  Dewey Decimal Classification     Non-fiction Central Library, University of Rajshahi Central Library, University of Rajshahi   12/03/1963 zithinger 50.00   342.5491 GLP 1957 02/08/2016 C-5 Books
  Dewey Decimal Classification     Non-fiction Central Library, University of Rajshahi Central Library, University of Rajshahi   12/03/1963 Zeitlinger 50.00   342.5491 GLP 1957 02/08/2016 C-6 Books
  Dewey Decimal Classification     Non-fiction Central Library, University of Rajshahi Central Library, University of Rajshahi   12/03/1963 Zeitlinger 50.00   342.5491 GLP 1957 02/08/2016 C-7 Books
  Dewey Decimal Classification     Non-fiction Central Library, University of Rajshahi Central Library, University of Rajshahi   12/03/1963 Zeitlinger 50.00   342.5491 GLP 1957 23/08/2016 C-8 Books